| 000 | 01945nam a22003854a 4500 | ||
|---|---|---|---|
| 001 | ebr10317887 | ||
| 003 | CaPaEBR | ||
| 006 | m u | ||
| 007 | cr cn||||||||| | ||
| 008 | 040202s2004 ilua sb 001 0 eng | ||
| 010 | _z 2004001836 | ||
| 020 | _z0226014665 (cloth : alk. paper) | ||
| 040 |
_aCaPaEBR _cCaPaEBR |
||
| 035 | _a(OCoLC)435425077 | ||
| 043 | _an-us--- | ||
| 050 | 1 | 4 |
_aJK1764 _b.A44 2004eb |
| 082 | 0 | 4 |
_a305.896/073 _222 |
| 100 | 1 |
_aAllen, Danielle S., _d1971- |
|
| 245 | 1 | 0 |
_aTalking to strangers _h[electronic resource] : _banxieties of citizenship since Brown v. Board of Education / _cDanielle S. Allen. |
| 246 | 3 | 0 | _aAnxieties of citizenship since Brown v. Board of Education |
| 260 |
_aChicago : _bUniversity of Chicago Press, _cc2004. |
||
| 300 |
_axxii, 232 p. : _bill. |
||
| 504 | _aIncludes bibliographical references and index. | ||
| 505 | 0 | _aLoss -- Little Rock, a new beginning -- Old myths and new epiphanies -- Sacrifice, a democratic fact -- Sacrifice and citizenship -- Why we have bad habits -- Imperfect democracy -- Imperfect people -- Imperfect pearls/imperfect ideals -- New democratic vistas -- Beyond invisible citizens -- Brotherhood, love, and political friendship -- Rhetoric, a good thing -- Epilogue: powerful citizens. | |
| 533 |
_aElectronic reproduction. _bPalo Alto, Calif. : _cebrary, _d2013. _nAvailable via World Wide Web. _nAccess may be limited to ebrary affiliated libraries. |
||
| 650 | 0 |
_aPolitical participation _zUnited States. |
|
| 650 | 0 |
_aCultural pluralism _zUnited States. |
|
| 650 | 0 |
_aCivil society _zUnited States. |
|
| 650 | 0 |
_aTrust _zUnited States. |
|
| 650 | 0 |
_aIntergroup relations _zUnited States. |
|
| 651 | 0 |
_aUnited States _xRace relations. |
|
| 655 | 7 |
_aElectronic books. _2local |
|
| 710 | 2 | _aebrary, Inc. | |
| 856 | 4 | 0 |
_uhttp://site.ebrary.com/lib/rucke/Doc?id=10317887 _zAn electronic book accessible through the World Wide Web; click to view |
| 999 |
_c59602 _d59602 |
||